000 00304nam a22001217a 4500
008 180424b xxu||||| |||| 00| 0 eng d
041 _aeng
080 _a043.3
100 _a0
101 _aMBE-BA
245 _aKrahasimi i Strategjive te Marketingut ne Korporatat e Kosoves
_cGashi, A
942 _2udc
_cBK
999 _c45478
_d45478